| 000 | 00959nam a2200301 a 4500 | ||
|---|---|---|---|
| 001 | 000017138 | ||
| 003 | DO-SdBPM | ||
| 005 | 20250528102403.0 | ||
| 007 | 000017138 | ||
| 008 | 100318s2019 dr a 000 0 spa d | ||
| 020 | _a9789945196283 | ||
| 040 |
_aBNPHU _bspa _cBNPHU |
||
| 082 | 4 |
_aRD863.5 _bR282c 2019 _222 |
|
| 100 | 1 |
_aRead Escobal, Virginia _d1963- |
|
| 245 | 1 | 0 |
_aLa cocina de mi abuela / _cVirginia Read Escobal; ilustraciones de Edward Reyes |
| 260 |
_aSanto Domingo : _b Loqueleo, _c2012. |
||
| 300 |
_a34 p. ; _c20 cm. |
||
| 490 | 1 |
_aMorada; _aCuento |
|
| 500 | _aIncluye datos biográficos del autor en la contracubierta | ||
| 504 | _a | ||
| 590 | _aInventariado, 2025/VM | ||
| 650 | 4 | _aCuentos infantiles dominicanos | |
| 650 | 4 |
_a Abuelos _vCuentos infantiles _z |
|
| 650 | 4 |
_a Cocina _v Cuentos infantiles |
|
| 700 | 1 |
_a Reyes, Edward _eilustración |
|
| 910 | _aVMateo V. Control de calidad. BPMSU | ||
| 942 |
_2ddc _cBK |
||
| 999 |
_c15109 _d15109 |
||